000 00609nam a2200253Ia 4500
001 Z_2845
003 CHAP
005 20221123121604.0
008 220113s1994 xx 000 0 und d
010 _a165918
020 _a968-460-102-6
040 _cCHAP
082 _aC 636.085 D53
245 _aDiccionario de nutrición animal /
260 _aMéxico, D. F. :
_bPLM,
_c1994
300 _ac.a. 422 p. :
_bilus.
503 _a172058, 60
650 _aNutrición animal
_xDiccionarios
_982278
901 _aC 636.085 D53
902 _aM
910 _a1994
942 _c1
_2ddc
942 _2ddc
999 _c165918
_d165918